书目信息 |
| 题名: |
索尼α7C/α7CⅡ摄影及视频拍摄技巧大全
|
|
| 作者: | 雷波 编著 | |
| 分册: | ||
| 出版信息: | 北京 化学工业出版社 2025.01 |
|
| 页数: | 190页 | |
| 开本: | 24cm | |
| 丛书名: | ||
| 单 册: | ||
| 中图分类: | TB86 , J41 | |
| 科图分类: | ||
| 主题词: | 数字照相机--shu zi zhao xiang ji--摄影技术 | |
| 电子资源: | ||
| ISBN: | 978-7-122-46556-6 | |
| 000 | 01175nam0 2200253 450 | |
| 001 | 90453 | |
| 005 | 20250815191322.46 | |
| 010 | @a978-7-122-46556-6@dCNY118.00 | |
| 100 | @a20241120d2025 em y0chiy50 ea | |
| 101 | 0 | @achi |
| 102 | @aCN@b110000 | |
| 105 | @aa z 000yy | |
| 106 | @ar | |
| 200 | 1 | @a索尼α7C/α7CⅡ摄影及视频拍摄技巧大全@Asuo ni α7C/α7CⅡ she ying ji shi pin pai she ji qiao da quan@f雷波编著 |
| 210 | @a北京@c化学工业出版社@d2025.01 | |
| 215 | @a190页@c彩图@d24cm | |
| 300 | @a光线摄影 | |
| 330 | @a本书讲解了SONYα7CⅡ相机的各项实用功能、曝光技巧及在各类题材中的实拍技巧等, 通过首先学习相机结构、菜单功能, 再接着学习曝光功能、器材等方面的知识, 最后学习生活中常见的题材拍摄技巧, 让读者迅速上手SONYα7CⅡ。随着短视频和直播平台的发展, 越来越多的朋友开始使用相机录视频、做直播, 因此, 本书专门通过数章内容来讲解了拍摄短视频需要的器材、需要掌握的参数功能、镜头运用方式以及SONYα7CⅡ相机拍摄视频的基本操作与菜单设置, 让读者紧跟潮流玩转新媒体。 | |
| 606 | 0 | @a数字照相机@Ashu zi zhao xiang ji@x摄影技术 |
| 690 | @aTB86@v5 | |
| 690 | @aJ41@v5 | |
| 701 | 0 | @a雷波@Alei bo@4编著 |
| 801 | 0 | @aCN@c20250909 |
| 905 | @a河南城建学院图书馆@dTB86@eL079@f1 | |
| 索尼α7C/α7CⅡ摄影及视频拍摄技巧大全/雷波编著.-北京:化学工业出版社,2025.01 |
| 190页:彩图;24cm |
| 光线摄影 |
| ISBN 978-7-122-46556-6:CNY118.00 |
| 本书讲解了SONYα7CⅡ相机的各项实用功能、曝光技巧及在各类题材中的实拍技巧等, 通过首先学习相机结构、菜单功能, 再接着学习曝光功能、器材等方面的知识, 最后学习生活中常见的题材拍摄技巧, 让读者迅速上手SONYα7CⅡ。随着短视频和直播平台的发展, 越来越多的朋友开始使用相机录视频、做直播, 因此, 本书专门通过数章内容来讲解了拍摄短视频需要的器材、需要掌握的参数功能、镜头运用方式以及SONYα7CⅡ相机拍摄视频的基本操作与菜单设置, 让读者紧跟潮流玩转新媒体。 |
| ● |
| 相关链接 |
|
|
|
正题名:索尼α7C/α7CⅡ摄影及视频拍摄技巧大全
索取号:TB86/L079
 
预约/预借
| 序号 | 登录号 | 条形码 | 馆藏地/架位号 | 状态 | 备注 |
| 1 | 1624415 | 216244151 | 自科库501/501自科库 19排4列3层/ [索取号:TB86/L079] | 在馆 |